000 00681nam a2200265Ia 4500
005 20260302114236.0
008 008 260114s9999 xx 000 0 eng d
020 _a9798881811860
037 _aTextbook
040 _aCRL
040 _beng
040 _cCRL
041 _2eng
041 _aeng
084 _qCRL
100 _aMartin Heidegger, Karl Löwith
_91118184
245 0 _aCorrespondence: 1919–1973
260 _bBloomsbury
260 _bRowman & Littlefield
260 _c2021
650 _aPhilosophy
856 _uhttps://doi.org/10.5040/9798881811860?locatt=label:secondary_bloomsburyCollections
942 _cEBOOK
999 _c1681846
_d1681846